Revista general de Marina / (Record no. 1889)

MARC details
000 -LEADER
campo de control de longitud fija 01700nas a2200385 i 4500
001 - NÚMERO DE CONTROL
campo de control 1889
003 - IDENTIFICADOR DE NÚMERO DE CONTROL
campo de control ES-MaACL
005 - FECHA Y HORA DE LA ÚLTIMA TRANSACCIÓN
campo de control 20260611134255.0
007 - CAMPO FIJO DE DESCRIPCIÓN FÍSICA--INFORMACIÓN GENERAL
campo de control de longitud fija t|
008 - DATOS DE LONGITUD FIJA--INFORMACIÓN GENERAL
campo de control de longitud fija 950801c1877 sp | | 1 ||pa d
022 ## - NÚMERO INTERNACIONAL NORMALIZADO PARA PUBLICACIONES SERIADAS
Número Internacional Normalizado para Publicaciones Seriadas 0034-9569
080 ## - NÚMERO DE LA CLASIFICACIÓN DECIMAL UNIVERSAL
Número de la Clasificación Decimal Universal 355.353
245 00 - MENCIÓN DEL TÍTULO
Título Revista general de Marina /
Mención de responsabilidad, etc. publicada en la Dirección de Hidrografía.
260 ## - PUBLICACIÓN, DISTRIBUCIÓN, ETC.
Lugar de publicación, distribución, etc. Madrid :
Nombre del editor, distribuidor, etc. Depósito Hidrográfico,
Fecha de publicación, distribución, etc. 1877-
300 ## - DESCRIPCIÓN FÍSICA
Extensión 95 v. :
Otras características físicas il. ;
Dimensiones 23 cm.
310 ## - PERIODICIDAD ACTUAL
Periodicidad actual Mensual
362 0# - FECHAS DE PUBLICACIÓN Y/O DESIGNACIÓN SECUENCIAL
Fecha de publicación y/o designación secuencial T. I (1877)-
500 ## - NOTA GENERAL
Nota general A partir de 1922 la publica el Negociado de Estudios e Información del Estado Mayor de la Armada.
515 ## - NOTA DE PECULIARIDADES DE LA NUMERACIÓN
Nota de peculiaridades de la numeración Interrumpida su publicación de 1936 a 1940.
530 ## - NOTA DISPONIBLE DE FORMULARIO FÍSICO ADICIONAL
Nota de formato físico adicional disponible Disponible en Internet.
650 #7 - PUNTO DE ACCESO ADICIONAL DE MATERIA--TÉRMINO DE MATERIA
Término de materia o nombre geográfico como elemento de entrada Arte y ciencia militar
Fuente del encabezamiento o término embne
9 (RLIN) 135619
650 #4 - PUNTO DE ACCESO ADICIONAL DE MATERIA--TÉRMINO DE MATERIA
Término de materia o nombre geográfico como elemento de entrada Marina de guerra.
9 (RLIN) 136465
655 #7 - TERMINO DE INDIZACIÓN--GENERO/FORMA
Fuente del término tgfbne
9 (RLIN) 226866
Datos o término principal de género/forma Revistas
710 1# - ENTRADA AGREGADA--NOMBRE DE ENTIDAD CORPORATIVA
Nombre de entidad corporativa o nombre de jurisdicción como elemento de entrada España.
Unidad subordinada Dirección de Hidrografía.
9 (RLIN) 3694
770 ## - ENLACE A UN SUPLEMENTO/NÚMERO ESPECIAL
Número de control del registro 195853
Título Cuadernos de pensamiento naval =
Número Internacional Normalizado para Publicaciones Seriadas ISSN 1697-2333
852 ## - LOCALIZACIÓN
Ubicación ES-MaACL
Número de control de estantería HEM-H-511
Nota libre Años: 2022-2024-2025-2026
-- Casillero actual: Cº 44
itemnumber 1927
Ubicación en estantería Hemeroteca
Nota libre Revista viva
Donativo/Legado Donación: Editorial
852 ## - LOCALIZACIÓN
Ubicación ES-MaACL
Número de control de estantería HEM-433
Nota libre Años: 1877-1962
Ubicación en estantería Depósito 1
itemnumber 203992
Donativo/Legado Donación: Editorial
856 4# - LOCALIZACIÓN Y ACCESO ELECTRÓNICOS
Identificador Uniforme de Recursos <a href="https://dialnet.unirioja.es/servlet/revista?codigo=6456">https://dialnet.unirioja.es/servlet/revista?codigo=6456</a>
Texto de enlace Sumarios de la revista en Dialnet.
856 4# - LOCALIZACIÓN Y ACCESO ELECTRÓNICOS
Identificador Uniforme de Recursos <a href="https://publicaciones.defensa.gob.es/revista-general-de-marina-100.html">https://publicaciones.defensa.gob.es/revista-general-de-marina-100.html</a>
Texto de enlace Versión en línea
866 #0 - MENCIÓN TEXTUAL DE FONDOS--UNIDAD BIBLIOGRÁFICA BÁSICA
Nota pública HEM-433
Fondos 1877-1881,1888-1923,(1956)1957-1958(1959)1960-1961(1962). Faltas: 1887(f.en.-feb.) 1959(f.feb.,sept.y nov.)
866 10 - MENCIÓN TEXTUAL DE FONDOS--UNIDAD BIBLIOGRÁFICA BÁSICA
Nota pública HEM-H-511
Fondos 2022-2024-2025-2026
942 ## - ELEMENTOS DE ENTRADA SECUNDARIOS (KOHA)
Fuente del sistema de clasificación o colocación Clasificación decimal universal
Tipo de ítem Koha Revista
Suprimir en OPAC No
Holdings
Estatus retirado Estado de pérdida Fuente del sistema de clasificación o colocación Especificación de materiales (volumen encuadernado u otra parte) Estado de daño No para préstamo Colección Biblioteca de origen Biblioteca actual Ubicación en estantería Fecha de adquisición Fuente de adquisición Total de préstamos Signatura topográfica completa Código de barras Visto por última vez Precio de reemplazo Tipo de ítem Koha
    Clasificación decimal universal Último número recibido: n.º 290 (2026)     Periódicos y Revistas Biblioteca del Ateneo de Madrid Biblioteca del Ateneo de Madrid Hemeroteca 17/01/2008 Donación   HEM-H-511 (Cº 44) 1001928 23/02/2023 23/02/2023 Revista
    Clasificación decimal universal       Periódicos y Revistas Biblioteca del Ateneo de Madrid Biblioteca del Ateneo de Madrid Depósito 1 27/08/2024     HEM-433 101228801 27/08/2024 27/08/2024 Revista